| 000 | 00605nam a2200169 i 4500 | ||
|---|---|---|---|
| 001 | 56615 | ||
| 003 | ES-MaACL | ||
| 005 | 20230906163418.0 | ||
| 007 | t| | ||
| 008 | 031010s1965 sp ||||1| spa d | ||
| 100 | 1 |
_aDinta-San, José. _944844 |
|
| 245 | 1 | 3 |
_aEl poder naval chino _b: (desde sus orígenes hasta la caida de la Dinastía Ming. (Siglos VI a. de J.C.- XVII d. de J.C.) / _cJosé Dinta-San ; prólogo de Pedro Nieto Antúnez. |
| 260 |
_aBarcelona : _bAriel, _c[1965] |
||
| 300 |
_a275 p. : _bil. ; _c22 cm. |
||
| 700 | 1 |
_aNieto Antúnez, Pedro. _985673 |
|
| 852 |
_aES-MaACL _jC-28046 _bR.57098 |
||
| 999 |
_c56615 _d56615 |
||